000 00875nam a2200265 i 4500
001 bg
100 1 _aPORADA, Ryszard
245 1 0 _aWłaściwości energetyczne procesów w układach elektrycznych /
_cRyszard Porada.
260 _aPoznań :
_bWydaw. Politechniki Poznańskiej,
_c2002.
300 _a103, [1] s. :
_bil. (gł. kolor.) ;
_c24 cm.
490 1 _aRozprawy / Politechnika Poznańska,
_x0551-6528 ;
_vnr 369
500 _aStreszcz. ang.
504 _aBibliogr.
650 9 _aEnergia elektryczna
650 9 _aModele matematyczne
_xstosowanie
_xelektroenergetyka
650 9 _aUkłady elektryczne
_xteoria
830 0 _aRozprawy (Politechnika Poznańska) ;
_vnr 369
020 _a8371434685
040 _cBPK
041 0 _apol
_beng
080 _a621.3:537.3:519.87
920 _a83-7143-468-5
942 _cKS
008 s pl f |000 0 pol
999 _c43048
_d43048
856 _uhttp://koha.tu.koszalin.pl/cgi-bin/koha/opac-detail.pl?biblionumber=43048
_yKatalog online BPK